000 00371nam a2200145Ia 4500
008 130318s9999 xx 000 0 und d
020 _a9788176567077
082 _a005.73C++ KAN/D
100 _aKanetkar, Yashavant P
245 _aData structures through C++
260 _bBPB Publications
_aNew Delhi
_c2003
300 _a687
650 _aC++
650 _aDATASTRUCTURES
999 _c1569
_d1569